Investičné rozhodovanie podniku s aktívnym prístupom k ochrane životného prostredia v podmienkach nedokonalých finančných trhov diplomová práca

Na minha lista:
Detalhes bibliográficos
Autor principal: Kuttner, Juraj
Autor Corporativo: Národohospodárska fakulta EU. Katedra financií
Outros Autores: Červeňová, Magdaléna, 1962-
Formato: Livro
Idioma:eslovaco
Publicado em: Bratislava 2019
Tags: Adicionar Tag
Sem tags, seja o primeiro a adicionar uma tag!

MARC

LEADER 00000nbm a2200000 4500
001 0255044
005 20190724131611.4
041 0 |a slo 
044 |a SK 
245 1 0 |a Investičné rozhodovanie podniku s aktívnym prístupom k ochrane životného prostredia v podmienkach nedokonalých finančných trhov  |b diplomová práca  |c Juraj Kuttner ; školiteľ: Magdaléna Červeňová 
264 1 |a Bratislava  |c 2019 
300 |a 63 s. 
100 1 |a Kuttner, Juraj 
700 1 |a Červeňová, Magdaléna, 1962- 
710 2 |a Národohospodárska fakulta EU. Katedra financií